Historia de la pedagogía

Na minha lista:
Detalhes bibliográficos
Autor principal: Compagne, Gabriel (Author)
Formato: Livro
Idioma:espanhol
Publicado em: París Libreria de la Viuda de Ch. Bouret 1910
Assuntos:
Tags: Adicionar Tag
Sem tags, seja o primeiro a adicionar uma tag!

MARC

LEADER 00000nam a2200000 a 4500
001 UCY4936
003 CL-VaPUC
008 950406e19100000FR |||||||||||||||||spa|d
082 0 4 |a 370.09  |b COM  |2 21 
100 0 |a Compagne, Gabriel  |e author  |9 333468 
245 1 0 |a Historia de la pedagogía 
300 |a 478 p 
942 |c BK 
945 |d 19950406 00:00:00  |a rbrito 
260 |a París  |b Libreria de la Viuda de Ch. Bouret  |c 1910 
650 0 |a Historia de la educación   |9 257642 
583 |a last modification  |c 20170913 01:26:43  |k Rodrigo Vera 
999 |c 232684  |d 232682 
952 |0 0  |1 0  |4 0  |6 370_090000000000000_COM_1910  |7 0  |8 P  |9 237489  |a BIBEDU  |b BIBEDU  |c BIBEDU_PB  |d 2019-11-15  |i 3073467  |o 370.09 COM 1910  |p 3073467  |r 2024-01-25  |w 2019-11-15  |y BK  |k EDU